Derecho administrativo: temas fundamentales
Saved in:
| Main Author: | |
|---|---|
| Format: | Book |
| Language: | Spanish |
| Published: |
Santiago
Legal Publishing
2009
|
| Edition: | 1a. ed |
| Subjects: | |
| Tags: |
Add Tag
No Tags, Be the first to tag this record!
|
MARC
| LEADER | 00000nam a2200000 a 4500 | ||
|---|---|---|---|
| 001 | UCH4854 | ||
| 003 | CL-VaPUC | ||
| 008 | 090910e20090000CL |||||||||||||||||spa|d | ||
| 020 | |a 9789562388276 | ||
| 082 | 0 | 4 | |a 342.8306 |b SOT |2 21 |
| 100 | |a Soto Kloss, Eduardo |e autor |9 540672 | ||
| 245 | 1 | 0 | |a Derecho administrativo: temas fundamentales |
| 250 | |a 1a. ed | ||
| 300 | |a 788 p | ||
| 942 | |c BK | ||
| 945 | |d 20090910 00:00:00 |a rbrito | ||
| 260 | |a Santiago |b Legal Publishing |c 2009 | ||
| 650 | 0 | |a Derecho administrativo |9 254851 | |
| 650 | 0 | |a Derecho público chileno |9 490549 | |
| 650 | 0 | |a Actos administrativos |9 256128 | |
| 650 | 0 | |a Responsabilidad del estado |9 258115 | |
| 650 | 0 | |a Jurisprudencia |9 255952 | |
| 583 | |a last modification |c 20170406 10:05:01 |k Rodrigo Vera | ||
| 999 | |c 336106 |d 336104 | ||
| 952 | |0 0 |1 0 |4 0 |6 342_830600000000000_SOT_2009 |7 0 |8 A |9 427042 |a BIBDER |b BIBDER |d 2019-11-22 |i 4599888 |l 2 |o 342.8306 SOT 2009 |p 4599888 |r 2023-06-30 |s 2023-06-30 |w 2019-11-22 |y BK |k DER | ||